000
00287 a2200121 4500
001
63667
082
_a
624.1776 TIM
090
_c
37667
_d
37667
100
_a
Timoshenko S
245
_a
Theory of Plates and Shells
_h
English
260
_a
London
_b
McGraw-Hill
_c
1989
300
_b
580p
942
_a
NUST-CAE
_k
624.1776 TIM
999
_c
298740
_d
298740